000 00838nam a2200253Ia 4500
003 OSt
005 20220923211033.0
006 a|||||r|||| 00| 0
007 ta
008 220922b |||||||| |||| 00| 0 pan d
020 _a8171420966 (hbk)
_c100
024 _a260,293
037 _b558, 14/12/2011, H.K. Prakashan
_cTextual
040 _aARTS
_cARTS
_bpan
041 _2pan
_apan
082 _aO153,3N33,PA, N1;P0
100 _aਗੁਰਦਿਆਲ ਸਿੰਘ
_9156275
245 0 _aਪਰਸਾ
260 _aਚੰਡੀਗਡ੍ਹ
_b ਲੋਕਗੀਤ ਪ੍ਰਕਾFਨ
_c2000
300 _a271ਪੰ
_ccm.
650 _aਪੰਜਾਬੀ ਸਾਹਿਤ
942 _hO153,3N33,PA, N1;P0
_cTEXL
_2CC
999 _c294288
_d294288